Historia de la nación mexicana : (Record no. 55283)

MARC details
000 -LEADER
campo de control de longitud fija 01147nam a2200241 i 4500
001 - NÚMERO DE CONTROL
campo de control 55283
003 - IDENTIFICADOR DE NÚMERO DE CONTROL
campo de control ES-MaACL
005 - FECHA Y HORA DE LA ÚLTIMA TRANSACCIÓN
campo de control 20230906163119.0
007 - CAMPO FIJO DE DESCRIPCIÓN FÍSICA--INFORMACIÓN GENERAL
campo de control de longitud fija t|
008 - DATOS DE LONGITUD FIJA--INFORMACIÓN GENERAL
campo de control de longitud fija 190910s1963 sp ||||1| spa d
130 0# - ENTRADA PRINCIPAL--TÍTULO UNIFORME
Título uniforme Códice Aubin.
Lenguaje de la obra Español-Náhualt.
9 (RLIN) 168249
245 10 - MENCIÓN DEL TÍTULO
Título Historia de la nación mexicana :
Resto del título reproducción a todo color del códice de 1576 (Códice Aubin) /
Mención de responsabilidad, etc. edición, introducción, notas, índices, versión paleográfica y traducción directa del náhuatl por el doctor Charles E. Dibble.
260 ## - PUBLICACIÓN, DISTRIBUCIÓN, ETC.
Lugar de publicación, distribución, etc. Madrid :
Nombre del editor, distribuidor, etc. José Porrúa Turanzas,
Fecha de publicación, distribución, etc. 1963.
300 ## - DESCRIPCIÓN FÍSICA
Extensión 11, 158 p. :
Otras características físicas il. col. ;
Dimensiones 25 cm.
490 1# - MENCIÓN DE SERIE
Mención de serie Colección Chimalistac de libros y documentos acerca de la Nueva España ;
Designación de volumen o secuencia 16
546 ## - NOTA DE IDIOMA
Nota de lengua/lenguaje Texto en nahualt y traducción al español.
651 #4 - PUNTO DE ACCESO ADICIONAL DE MATERIA--NOMBRE GEOGRÁFICO
Nombre geográfico México-
Subdivisión general Historia-
Subdivisión cronológica Hasta 1517, Época prehispánica.
9 (RLIN) 153811
700 1# - ENTRADA AGREGADA--NOMBRE PERSONAL
Nombre de persona Dibble, Charles E. (
Fechas asociadas al nombre 1909-)
9 (RLIN) 168250
710 2# - ENTRADA AGREGADA--NOMBRE DE ENTIDAD CORPORATIVA
Nombre de entidad corporativa o nombre de jurisdicción como elemento de entrada British Library.
Subencabezamiento de forma Manuscrito.
Número del congreso/reunión o número de parte o sección (Additional 31219)
9 (RLIN) 168251
830 0# - PUNTO DE ACCESO ADICIONAL DE SERIE-TÍTULO UNIFORME
Título uniforme Colección Chimalistac de libros y documentos acerca de la Nueva España ;
Designación de volumen o secuencia 16
9 (RLIN) 182539
852 ## - LOCALIZACIÓN
Ubicación ES-MaACL
Número de control de estantería P-798-14
Holdings
Estatus retirado Estado de pérdida Estado de daño No para préstamo Biblioteca de origen Biblioteca actual Ubicación en estantería Fecha de adquisición Fuente de adquisición Total de préstamos Signatura topográfica completa Código de barras Visto por última vez Precio de reemplazo Tipo de ítem Koha
        Biblioteca del Ateneo de Madrid Biblioteca del Ateneo de Madrid Depósito 2 17/01/2008     P-798-14 1058085 23/02/2023 23/02/2023 Libro impreso